000 00218nam a22000857a 4500
008 160916b xxu||||| |||| 00| 0 eng d
100 _9571
_aCBSE
245 _aSocial Science-6
260 _aNew Delhi
_bG.B.P. Publications
_c2011
999 _c3227
_d3227